<?xml version="1.0" encoding="UTF-8"?>
<record
    xmlns:xsi="http://www.w3.org/2001/XMLSchema-instance"
    xsi:schemaLocation="http://www.loc.gov/MARC21/slim http://www.loc.gov/standards/marcxml/schema/MARC21slim.xsd"
    xmlns="http://www.loc.gov/MARC21/slim">

  <leader>01013nam a2200229Ia 4500</leader>
  <controlfield tag="001">Z_5972</controlfield>
  <controlfield tag="008">220601s9999    xx            000 0 und d</controlfield>
  <datafield tag="020" ind1=" " ind2=" ">
    <subfield code="a">978-958-8203-70-6</subfield>
  </datafield>
  <datafield tag="082" ind1=" " ind2=" ">
    <subfield code="a">664 C54</subfield>
  </datafield>
  <datafield tag="245" ind1=" " ind2=" ">
    <subfield code="a">Ciencia, tecnolog&#xED;a e industria de alimentos / investigadora del proyecto Nidia Alba Cu&#xE9;llar; director editorial Felipe Dur&#xE1;n Ram&#xED;rez; colaboradores Carlos Augusto Albal... [et al]</subfield>
  </datafield>
  <datafield tag="260" ind1=" " ind2=" ">
    <subfield code="a">Colombia : Grupo Latino Editores</subfield>
  </datafield>
  <datafield tag="300" ind1=" " ind2=" ">
    <subfield code="a">xx, 1191 p.</subfield>
  </datafield>
  <datafield tag="503" ind1=" " ind2=" ">
    <subfield code="a">ej.1:252956</subfield>
  </datafield>
  <datafield tag="504" ind1=" " ind2=" ">
    <subfield code="a">Bibliograf&#xED;a: p. 1181-1191</subfield>
  </datafield>
  <datafield tag="650" ind1=" " ind2=" ">
    <subfield code="a">1. Tecnolog&#xED;a de los alimentos  2.  Industrias alimenticias  3. Microbiolog&#xED;a de alimentos 4. Composici&#xF3;n de los alimentos 5. Toxicolog&#xED;a de alimentos 6. Conservaci&#xF3;n de alimentos</subfield>
    <subfield code="9">182986</subfield>
  </datafield>
  <datafield tag="700" ind1=" " ind2=" ">
    <subfield code="a">Alba Cu&#xE9;llar, Nidia, aut. \ Dur&#xE1;n Ram&#xED;rez, Felipe, ed. \ Alba, Carlos Augusto, colab.&#xCC;</subfield>
    <subfield code="9">182987</subfield>
  </datafield>
  <datafield tag="901" ind1=" " ind2=" ">
    <subfield code="a">664 C54</subfield>
  </datafield>
  <datafield tag="902" ind1=" " ind2=" ">
    <subfield code="a">M</subfield>
  </datafield>
  <datafield tag="905" ind1=" " ind2=" ">
    <subfield code="a">5232272008                          ck admn8221113311spa16</subfield>
  </datafield>
  <datafield tag="942" ind1=" " ind2=" ">
    <subfield code="c">1</subfield>
  </datafield>
  <datafield tag="999" ind1=" " ind2=" ">
    <subfield code="c">217032</subfield>
    <subfield code="d">217032</subfield>
  </datafield>
</record>
